Kariera Nikiego Laudy - Statystyki

Ogólne statystyki
  • Ten quiz został rozwiązany 10 razy
    6 od ostatniego zresetowania
  • Średni wynik to 4 z 5
Statystyki odpowiedzi
Zespoły % Poprawnych
1974-1977 Ferrari
100%
1982-1985 McLaren
100%
1978-1979 Brabham
67%
1973 BRM
67%
1971-1972 March
50%
Nie znaleziono quizów pasujących do podanych kryteriów
Rozkład punktacji
Procent ludzi z każdym wynikiem
Percentyl według liczby udzielonych odpowiedzi
Twoja historia wyników
Nie rozwiązałeś tego quizu od ostatniego zresetowania